Famous Films from 3 Words - Statistics

General Stats
  • This quiz has been taken 108 times
  • The average score is 9 of 20
Answer Stats
Hint Answer % Correct
Johnny, Hotel, Twins The Shining
87%
Gumbo, Ping Pong Forrest Gump
76%
London, Peru, Bear Paddington
72%
Moths, Chianti, Psychopath The Silence of the Lambs
64%
Penguin, Tap Dancing Happy Feet
61%
Tiger, Shipwreck, India Life of Pi
61%
Wilson, Deserted, FedEx Castaway
56%
Quiz, India, Cheating Slumdog Millionaire
54%
Christmas, Angel, Suicide It's a Wonderful Life
49%
Dreams, Thief, Spinner Inception
44%
Lawyer, Birthday-wish, Truth Liar Liar
37%
Terrorist, Surgery, Life-swap Face/Off
35%
Family, Pageant, Roadtrip Little Miss Sunshine
35%
Boxing, Euthanasia, Chuisle Million Dollar Baby
33%
Snow, Woodchipper, Pregnant Fargo
31%
Milkshake, Oil, Preacher There Will Be Blood
17%
Comics, Ex-Boyfriends, Canada Scott Pilgrim vs. the World
15%
Football, Money, Quan Jerry Maguire
12%
Paris, Matchmaking, Gnome Amelie
11%
Fatherhood, Surrealism, Mutated Eraserhead
3%
No matching quizzes found
Score Distribution
Percent of People with Each Score
Percentile by Number Answered
Your Score History
You have not taken this quiz